[Event "India Cities-ch 19th"]
[Site "Khalpara"]
[Date "2018.08.02"]
[Round "2.3"]
[White "Chaitanya, V."]
[Black "Chandramani, Upadhyay"]
[Result "1/2-1/2"]
[WhiteElo "1734"]
[BlackElo "1200"]
[PlyCount "60"]
[EventDate "2018.08.01"]
[EventType "team-swiss"]
[EventRounds "7"]
[EventCountry "IND"]
[SourceTitle "CBM 186 Extra"]
[Source "ChessBase"]
[SourceDate "2018.08.24"]
[SourceVersion "1"]
[SourceVersionDate "2018.08.24"]
[SourceQuality "1"]
[WhiteTeam "Hyderabad"]
[BlackTeam "ARA Attackers"]
[WhiteTeamCountry "IND"]
[BlackTeamCountry "IND"]

1. e4 e6 2. d4 d5 3. exd5 exd5 4. Be2 Nf6 5. Nf3 Bd6 6. 0-0 0-0 7. Nc3 c6 8. Bg5 h6 9. Bh4 Re8 10. Re1 Nbd7 11. Bd3 Qc7 12. Rxe8+ Nxe8 13. Qe2 Ndf6 14. Ne5 c5 15. Nb5 Qb6 16. Nxd6 Qxd6 17. Bg3 Qe7 18. dxc5 Qxc5 19. h3 Nd6 20. Re1 Nde4 21. Bf4 Be6 22. Nf3 Qb4 23. c3 Nxc3 24. Qe5 Nce4 25. a3 Qb6 26. Be3 Qb3 27. Bxe4 Nxe4 28. Bd4 Nf6 29. Qg3 Rb8 30. Rb1 a6 1/2-1/2